Náklady ve výrobním družstevnictví

Na minha lista:
Detalhes bibliográficos
Autor principal: Starý, Karel
Formato: Livro
Idioma:tcheco
Publicado em: Praha Svépomoc 1983
Tags: Adicionar Tag
Sem tags, seja o primeiro a adicionar uma tag!

MARC

LEADER 00000nam a2200000 4500
001 c114821
005 20041019155159.7
041 0 |a cze 
044 |a CZ 
245 1 0 |a Náklady ve výrobním družstevnictví  |c Karel Starý 
264 1 |a Praha  |b Svépomoc  |c 1983 
300 |a 91 s. 
100 1 |a Starý, Karel